WATERSHED management : Balancing sustainability and environmental change

Bibliographic Details
Other Authors: Naiman
Format: Book
Published: New York, USA : Springer-Verlag , 1992
Subjects:

MARC

LEADER 00000cam a2200000 7i4500
001 0000000248
005 20000724.0
020 0 0 |a 0387942327 
090 0 0 |a 333.91009795   |b WAT 1992 
245 0 0 |a WATERSHED management :   |b Balancing sustainability and environmental change   |c editor, Robert J. Naiman 
260 0 0 |a New York, USA :   |b Springer-Verlag ,   |c 1992 
300 |a xii, 542 p. :   |b ill., maps ;   |c 24 cm. 
500 0 0 |a Bibliography: [p. 516-521], bibliographical references and index   |a Symposium held in Seattle, USA, on new perspectives for watershed management in the Pacific northwest 
650 0 0 |a Watershed management   |z Northwest, Pacific   |x Congresses 
700 0 1 |a Naiman   |h Robert J. 
999 |a 0000001454   |b Monograph   |c Open Shelf   |e Default branch